Uncanny X-Men Writers Quiz Stats

 Plays Quiz not verified by Sporcle

Also try: Harry Potter Pets
Challenge
Share
Tweet
Embed
Score 0/21 Timer 20:00
0 Plays Today
Issues Answer % Correct
1-19Stan Lee
100%
94-279Chris Claremont
96.6%
381-389Chris Claremont
96.6%
444-474Chris Claremont
96.6%
280-288John Byrne
89.7%
Vol 3 1-35, 600Brian Bendis
86.2%
GS 1, 94-95Len Wein
79.3%
286-350Scott Lobdell
79.3%
390-393Scott Lobdell
79.3%
500-534Matt Fraction
75.9%
20-44, 55-64, 66Roy Thomas
69%
Issues Answer % Correct
410-443Chuck Austen
69%
475-503Ed Brubaker
69%
366-380Alan Davis
65.5%
535-544Kieron Gillen
62.1%
Vol 2 1-20Kieron Gillen
62.1%
394-409Joe Casey
58.6%
Vol 4 1-19Cullen Bunn
48.3%
350-365Steve Seagle
41.4%
47-54Arnold Drake
31%
44-47Gary Friedrich
27.6%

You're not logged in!

Compare scores with friends on all Sporcle quizzes.
OR
Log In

You Might Also Like...

Show Comments

Extras

Created Jul 14, 2017ReportNominate
Tags:issue, uncanny, writer, x-men

Top Quizzes Today


Score Distribution

Your Account Isn't Verified!

In order to create a playlist on Sporcle, you need to verify the email address you used during registration. Go to your Sporcle Settings to finish the process.

Report this User

Report this user for behavior that violates our Community Guidelines.

Details: